| 000 | 00375nam a2200145Ia 4500 | ||
|---|---|---|---|
| 008 | 230312s9999||||xx |||||||||||||| ||und|| | ||
| 020 | _a978-0199697137 | ||
| 082 |
_a535.84 _bLET-L |
||
| 100 | _aLetokhov;V.S | ||
| 245 | 0 | _aLaser Ccontrol of Atoms and Molecules | |
| 260 |
_bOxford _aIndia _c2011 |
||
| 300 | _a310 | ||
| 650 |
_aEngineering _vElectrical/Physics |
||
| 942 | _cBK | ||
| 999 |
_c14128 _d14128 |
||